География (Запись № 9940505)
[ простой вид ]
| 000 -МАРКЕР | |
|---|---|
| контрольное поле | 01699nam0a2200337 i 4500 |
| 001 - ИДЕНТИФИКАТОР ЗАПИСИ | |
| контрольное поле | RU\NLR\BIBL_A\010453631 |
| 005 - ИДЕНТИФИКАТОР ВЕРСИИ | |
| контрольное поле | 20260406150812.0 |
| 010 ## - МЕЖДУНАРОДНЫЙ СТАНДАРТНЫЙ НОМЕР КНИГИ (ISBN) | |
| Номер (ISBN) | 9785090208734 |
| Тираж | 20000 |
| 021 ## - НОМЕР ГОСУДАРСТВЕННОЙ РЕГИСТРАЦИИ | |
| Код страны | Российская Федерация |
| Номер | 2015-31026 |
| Номер Листа государственной регистраци | 1844 |
| 021 ## - НОМЕР ГОСУДАРСТВЕННОЙ РЕГИСТРАЦИИ | |
| Код страны | Российская Федерация |
| Номер | 2014-41672 |
| Номер Листа государственной регистраци | 2539 |
| 021 ## - НОМЕР ГОСУДАРСТВЕННОЙ РЕГИСТРАЦИИ | |
| Код страны | Российская Федерация |
| Номер | 2014-64476 |
| Номер Листа государственной регистраци | 3928 |
| 035 ## - ДРУГИЕ СИСТЕМНЫЕ НОМЕРА | |
| Идентификатор записи | (NLR Aleph) 010453631 |
| 100 ## - ДАННЫЕ ОБЩЕЙ ОБРАБОТКИ | |
| Данные общей обработки | 20101220d2014 um y0rusy50 ca |
| 101 0# - ЯЗЫК РЕСУРСА | |
| Язык текста, звукозаписи и т.д. | русский |
| 102 ## - СТРАНА ПУБЛИКАЦИИ ИЛИ ПРОИЗВОДСТВА | |
| Страна публикации | Российская Федерация |
| 105 ## - ПОЛЕ КОДИРОВАННЫХ ДАННЫХ: ТЕКСТОВЫЕ МАТЕРИАЛЫ, МОНОГРАФИЧЕСКИЕ | |
| Кодированные данные о монографическом текстовом документе | ab||j|||000yy |
| 200 1# - ЗАГЛАВИЕ И СВЕДЕНИЯ ОБ ОТВЕТСТВЕННОСТИ | |
| Основное заглавие | География |
| Сведения, относящиеся к заглавию | 8 класс |
| -- | учебник для общеобразовательных учреждений |
| -- | с приложением на электронном носителе |
| Первые сведения об ответственности | [д.г.н. А.И. Алексеев, д.п.н. В.В. Николина, д.г.н. Е.К. Липкина и др.] |
| 210 ## - ПУБЛИКАЦИЯ, РАСПРОСТРАНЕНИЕ И ДР. | |
| Место издания, распространения и т.д. | Москва |
| Имя издателя, распространителя и т. д. | Просвещение |
| Дата издания, распространения и т.д. | 2014 |
| 215 ## - ФИЗИЧЕСКАЯ ХАРАКТЕРИСТИКА | |
| Специфическое обозначение материала и объем | 254, [1] с. |
| Другие сведения о физической характеристике | ил., карт. |
| Размеры | 26 |
| Сопроводительный материал | 1 электр. опт. диск (CD-ROM) |
| 225 1# - СЕРИЯ | |
| Основное заглавие серии | Полярная звезда |
| 300 ## - ОБЩИЕ ПРИМЕЧАНИЯ | |
| Текст примечания | Авт. указаны на обороте тит. л. |
| 607 ## - ГЕОГРАФИЧЕСКОЕ НАИМЕНОВАНИЕ КАК ПРЕДМЕТ | |
| Географическое наименование | Российская Федерация |
| Формальный подзаголовок | Учебники для средней школы |
| Тематический подзаголовок | География |
| Системный номер авторитетной/нормативной записи | 1356659 |
| Идентификатор авторитетной/нормативной записи | RU\NLR\AUTH\66252630 |
| 686 ## - ИНДЕКСЫ ДРУГИХ КЛАССИФИКАЦИЙ | |
| Индекс | Д890(2Р)я72-1 |
| 701 #1 - ИМЯ ЛИЦА - АЛЬТЕРНАТИВНАЯ ОТВЕТСТВЕННОСТЬ | |
| Код отношения | Автор |
| Графика поля | Кириллица |
| Материалы, к которым относится поле | rus |
| Начальный элемент ввода | Алексеев |
| Часть имени, кроме начального элемента ввода | А. И. |
| Дополнения к именам, кроме дат | д-р геогр. наук |
| Даты | 1949- |
| Расширение инициалов личного имени | Александр Иванович |
| Системный номер авторитетной/нормативной записи | 115275 |
| Идентификатор авторитетной/нормативной записи | RU\NLR\auth\775311 |
| 701 #1 - ИМЯ ЛИЦА - АЛЬТЕРНАТИВНАЯ ОТВЕТСТВЕННОСТЬ | |
| Код отношения | Автор |
| Начальный элемент ввода | Николина |
| Часть имени, кроме начального элемента ввода | В. В. |
| Дополнения к именам, кроме дат | д-р пед. наук |
| Даты | 1955- |
| Расширение инициалов личного имени | Вера Викторовна |
| Системный номер авторитетной/нормативной записи | 181494 |
| Идентификатор авторитетной/нормативной записи | RU\NLR\AUTH\770181545 |
| 701 #1 - ИМЯ ЛИЦА - АЛЬТЕРНАТИВНАЯ ОТВЕТСТВЕННОСТЬ | |
| Начальный элемент ввода | Липкина |
| Часть имени, кроме начального элемента ввода | Е. К. |
| Расширение инициалов личного имени | Елена Карловна |
| 942 ## - ДОПОЛНИТЕЛЬНЫЕ ЭЛЕМЕНТЫ ЗАПИСИ (АБИС) | |
| Тип экземпляра АБИС | Книга |
| 980 ## - КОЛЛЕКЦИЯ | |
| Название коллекции | НБР |
Нет доступных экземпляров.